Geology and Mineral. Resources of the Russian Shelf Areas

Библиографические подробности
Автор-организация: Russian Academy of Sciences Geological Institute
Другие авторы: Alekseev M. . N. (редактор)
Примечания:The Atlas "The Geology and Mineral resources of the Russian Shelf Areas" is a result of the collaborative work of different geological and oceanological institutes of the Russian Academy of Sciences, Ministry of Natural Resources and also the Moscow State University and other organisations. The creation of the Atlas was financed by the Ministry of Industry, Science and Technologies RF, under the participation of the Institute of Oil and Gas Problems RAS, NIPIokeangeofizika. The maps were compiled on the basis of the materials of many geological investigations of Russian geologists using of the most modern data, received over the last ten years during the realisation of joint international projects on the Russian shelves study. A significant input into the creation of the Atlas creation was made by scientists of the Geological Institute RAS, All-Russian scientific-investigating institute of geology and mineral resources of the World ocean of the Ministry of Natural Resources RF, the Pacific Ocean Oceanological Institute of the Far Eastern branch of RAS and the Institute of the Geology of Ore Deposits, Petrography, Mineralogy and Geochemistry RAS. The principal basis of the Atlas has been provided by the Working Group "Shelf of the geological division of the Scientific Council RAS on the World Ocean problems, which also realised the co-ordination of the compiling works and their further editing. The Monograph, accompanying the Atlas, serves as a commentary on the maps, and contains comprehensive information on the geological structure, thickness of sedimentary cover of the shelf and makes it possible to all-round estimating the prospects for useful mineral resources: hydrocarbons, coal, placer-bearing strata. The problem of pollution of the bottom sediments and matters, related to hazardous natural phenomena, are covered in the geoecological section of the Monograph.
Язык:английский
Опубликовано: Москва, Scientific World, 2004
Предметы:
Формат: Книга
Запись в KOHA:https://koha.lib.tpu.ru/cgi-bin/koha/opac-detail.pl?biblionumber=187678

MARC

LEADER 00000nam0a2200000 4500
001 187678
005 20231101224101.0
010 |a 5891762609 
035 |a (RuTPU)RU\TPU\book\203641 
090 |a 187678 
100 |a 20101119d km y0rusy50 ba 
101 0 |a eng 
102 |a RU 
105 |a a z 001zy 
200 1 |a Geology and Mineral. Resources of the Russian Shelf Areas  |f Russian Academy of Sciences, Geological Institute ; под ред. M. . N. Alekseev 
210 |a Москва  |c Scientific World  |d 2004 
215 |a 278 p.  |c il. 
320 |a References: p. 276-277. 
330 |a The Atlas "The Geology and Mineral resources of the Russian Shelf Areas" is a result of the collaborative work of different geological and oceanological institutes of the Russian Academy of Sciences, Ministry of Natural Resources and also the Moscow State University and other organisations. The creation of the Atlas was financed by the Ministry of Industry, Science and Technologies RF, under the participation of the Institute of Oil and Gas Problems RAS, NIPIokeangeofizika. The maps were compiled on the basis of the materials of many geological investigations of Russian geologists using of the most modern data, received over the last ten years during the realisation of joint international projects on the Russian shelves study. A significant input into the creation of the Atlas creation was made by scientists of the Geological Institute RAS, All-Russian scientific-investigating institute of geology and mineral resources of the World ocean of the Ministry of Natural Resources RF, the Pacific Ocean Oceanological Institute of the Far Eastern branch of RAS and the Institute of the Geology of Ore Deposits, Petrography, Mineralogy and Geochemistry RAS. The principal basis of the Atlas has been provided by the Working Group "Shelf of the geological division of the Scientific Council RAS on the World Ocean problems, which also realised the co-ordination of the compiling works and their further editing. The Monograph, accompanying the Atlas, serves as a commentary on the maps, and contains comprehensive information on the geological structure, thickness of sedimentary cover of the shelf and makes it possible to all-round estimating the prospects for useful mineral resources: hydrocarbons, coal, placer-bearing strata. The problem of pollution of the bottom sediments and matters, related to hazardous natural phenomena, are covered in the geoecological section of the Monograph. 
606 1 |a Геология  |y Россия  |2 stltpush  |3 (RuTPU)RU\TPU\subj\6121  |9 85163 
606 1 |a Минеральные ресурсы  |2 stltpush  |3 (RuTPU)RU\TPU\subj\44061  |9 63442 
610 1 |a геологические данные 
610 1 |a геологические исследования 
610 1 |a полезные ископаемые 
610 1 |a шельфовые зоны 
610 1 |a шельфы 
610 1 |a английский язык 
675 |a 55(47+57)  |v 3 
675 |a 553.04(47+57)  |v 3 
702 1 |a Alekseev  |b M. . N.  |4 340 
712 0 2 |a Russian Academy of Sciences  |b Geological Institute  |2 stltpush  |3 (RuTPU)RU\TPU\col\16509  |9 26407 
801 1 |a RU  |b 63413507  |c 20101119 
801 2 |a RU  |b 63413507  |c 20101126  |g RCR 
942 |c BK